Plaváreň "Chrasť", Žilina

Na minha lista:
Detalhes bibliográficos
Autor principal: Recabarrenová, Lucia Celia (Author)
Outros Autores: Pifko, Henrich (Thesis advisor)
Formato: Manuscrito Livro
Idioma:eslovaco
Publicado em: Bratislava 2023
Assuntos:
Acesso em linha:http://is.stuba.sk/zp/portal_zp.pl?podrobnosti=155874
Tags: Adicionar Tag
Sem tags, seja o primeiro a adicionar uma tag!

MARC

LEADER 00000ntm a22000003a 4500
001 stuzp93723
003 SK-STU
005 20231005094057.2
007 ta
008 150427s2015----xo-----f-mn---000-0-slo-d
040 |a STU  |b slo 
041 0 |a slo 
100 1 |a Recabarrenová, Lucia Celia  |u 052120  |4 aut  |U FAD Fakulta architektúry a dizajnu  |T FAD Ústav ekologickej a experimentálnej architektúry  |X 103797  |U A2120  |Y 393  |7 103797 
242 0 1 |a Swimming pool "Chrasť", Žilina  |y eng 
245 1 0 |a Plaváreň "Chrasť", Žilina 
260 |c 2023  |a Bratislava 
650 4 |a prírodné prostredie  |2 slo 
650 4 |a univerzálne navrhovanie  |2 slo 
650 4 |a udržateľnosť  |2 slo 
650 4 |a drevené konštrukcie  |2 slo 
650 4 |a plaváreň  |2 slo 
650 4 |a swimming pool  |2 eng 
650 4 |a natural enviroment  |2 eng 
650 4 |a universal design  |2 eng 
650 4 |a sustainability  |2 eng 
650 4 |a wooden structure  |2 eng 
700 1 |a Pifko, Henrich  |u 052120  |k Z1  |4 ths  |U FAD Fakulta architektúry a dizajnu  |T FAD Ústav ekologickej a experimentálnej architektúry  |X 449  |U A2120  |Y 393  |7 A000000449 
856 4 |u http://is.stuba.sk/zp/portal_zp.pl?podrobnosti=155874  |u https://opac.crzp.sk/?fn=detailBiblioForm&sid=C03CB0FBA6588971D13A24D1B6BF